International code of conduct on the distribution and use of pesticides (Adopted by the Hundred and Twenty-third Session of the FAO Council in November 2002)

Adopted by the 123rd session of the FAO Council in November 2002, this work talks about the international code of conduct

Sparad:
Bibliografiska uppgifter
Institutionell upphovsman: Food and Agriculture Organization of the United Nations
Materialtyp: Bok
Språk:Undetermined
Publicerad: Rome, Italy FAO 2005
Ämnen:
Taggar: Lägg till en tagg
Inga taggar, Lägg till första taggen!
Thư viện lưu trữ: Trung tâm Học liệu Trường Đại học Cần Thơ
LEADER 00952nam a2200205Ia 4500
001 CTU_190323
008 210402s9999 xx 000 0 und d
082 |a 341.7623 
082 |b F686 
110 |a Food and Agriculture Organization of the United Nations 
245 0 |a International code of conduct on the distribution and use of pesticides (Adopted by the Hundred and Twenty-third Session of the FAO Council in November 2002) 
245 0 |c Food and Agriculture Organization of the United Nations 
260 |a Rome, Italy 
260 |b FAO 
260 |c 2005 
520 |a Adopted by the 123rd session of the FAO Council in November 2002, this work talks about the international code of conduct 
650 |a Pesticides,Pesticides,Thuốc trừ sâu,Thuốc trừ sâu 
650 |x Application,Law and legislation,Luật và pháp chế 
904 |i Trúc (sửa) 
980 |a Trung tâm Học liệu Trường Đại học Cần Thơ